Stabilizácia verejných financií so zameraním na opatrenia v oblasti daní diplomová práca

Enregistré dans:
Détails bibliographiques
Auteur principal: Vaľková, Marcela
Collectivité auteur: Národohospodárska fakulta EU. Katedra financií
Autres auteurs: Schultzová, Anna
Format: Livre
Langue:slovaque
Publié: Bratislava 2017
Tags: Ajouter un tag
Pas de tags, Soyez le premier à ajouter un tag!

MARC

LEADER 00000nbm a2200000 4500
001 0231916
005 20171127151318.3
041 0 |a slo 
044 |a SK 
245 1 0 |a Stabilizácia verejných financií so zameraním na opatrenia v oblasti daní  |b diplomová práca  |c Marcela Vaľková ; školiteľ: Anna Schultzová 
264 1 |a Bratislava  |c 2017 
300 |a 89 s. 
100 1 |a Vaľková, Marcela 
700 1 |a Schultzová, Anna 
710 2 |a Národohospodárska fakulta EU. Katedra financií